Random Knowledge - Statistics

General Stats
  • This quiz has been taken 20 times
  • The average score is 4 of 15
Answer Stats
Random Knowledge % Correct
How many academy awards did Chuck Norris win? 0
100%
How many teaspoons are in a tablespoon? 3
100%
A person who starts fires maliciously is known as a what? Arsonist
100%
Ozzy Osbourne reputedly bit the head off which creature on stage in 1982? Bat
100%
Aristocrats are said to have which color of blood? Blue
100%
Who named a perfume for her fashion shows on the fifth of each month? Coco Chanel
100%
Bordeaux is a wine-growing region in which country? France
100%
Which mythical creature might appear when you rub a magic lamp? Genie
100%
In which country would you find the Taj Mahal? India
100%
What are the last names of the two Steves who founded 'Apple Computers'? Jobs and Wozniak
100%
Which metallic element comes from the ore cinnabar? Mercury
100%
Who was the first boxer to win the world heavyweight championship 3 times? Muhammad Ali
100%
Metamorphic, sedimentary, and igneous are types of what? Rocks
100%
Siberia is a chilly region of which country? Russia
100%
The Stanley Kubrick horror movie 'The Shining' is based on a book by what author? Stephen King
100%
What Australian snack is made from the yeast extract left over from making beer? Vegemite
100%
Which Latin term is used to mean 'exactly the same words'? Verbatim
100%
What is the main ingredient used to make pesto sauce? Basil
80%
In fitness, what does the acronym 'BMI' stand for? Body Mass Index
75%
What does 3 dots, 3 dashes, 3 dots mean in Morse Code? SOS
75%
How much do you collect when you pass GO in the game of Monopoly? $200
67%
What alloy is formed from copper and tin? Bronze
67%
Apple Brown Betty is a dessert comprised of apples and what? Brown sugar
67%
The Way of the Shark' is the autobiography of which golfer? Greg Norman
67%
The card game Patience is also known by what other name? Solitaire
67%
How much does it cost to buy a railroad in the standard game of Monopoly? $200
50%
Which football manager released his second autobiography in October 2013? Alex Ferguson
50%
Barbara Milicent Roberts is better known as? Barbie
50%
From which metal is the Statue of Liberty made? Copper
50%
St George, patron saint of England, is famous for fighting which mythical beast? Dragon
50%
What Cajun dish is a mixture of rice, sausage, chicken, shrimp, oysters, spices and more? Jambalaya
50%
The Adventures of David Balfour' is the subtitle of which Robert Louis Stevenson novel? Kidnapped
50%
What is the fear of mice known as? Musophobia
50%
What is the NATO phonetic alphabet word for 'N'? November
50%
Which term means a vacation looking for big game animals? Safari
50%
The world's fastest steel roller coaster is in which Middle Eastern country? United Arab Emirates
50%
Which meat is traditionally eaten at Easter? Lamb
33%
What sport features snatches and clean jerks? Weightlifting
33%
What sport's lingo uses the term 'Bonspiel'? Curling
25%
The two-cent piece was the first US coin to feature which phrase? In God We Trust
25%
The "Oort Cloud" is made up of what? Comets
20%
In which country would you find reclaimed parcels of land called polders? The Netherlands
20%
'Benjamins' is slang for what denomination of US currency? $100
0%
Excluding the Umpires, how many players take part at the same time in a game of cricket? 13
0%
How many Commonwealth countries, other than the U.K., recognize the Queen as head of state? 15
0%
At what age did tennis player Andre Agassi turn professional? 16
0%
How many balls are on a pool table at the start of a game? 16
0%
What year was Tabasco sauce first produced? 1868
0%
What decade was the first Indianapolis 500 race held in? 1910s
0%
Within 3 years, either way, in what year did Lou Gehrig deliver his famous farewell speech at Yankee Stadium? 1939
0%
The infamous Pez dispenser was first patented in what year? 1952
0%
What year was cricketer Phil Tufnell born? 1966
0%
If it rains on St Swithin's Day, it will rain for the following how many days, according to tradition? 40
0%
How long, in feet, is the Brooklyn Bridge? 5,989ft
0%
What word for mud bricks comes to us from the ancient Egyptian word 'dbt'? Adobe
0%
Who is stranded on top of a gun store in the 2004 remake of 'Dawn of the Dead'? Andy
0%
Emporio is a range of clothes by which fashion design brand? Armani
0%
What is another name for the eggplant? Aubergine
0%
Which Formula One world champion assisted Honda in the final design stages of the NSX? Ayrton Senna
0%
In ancient times, what material where the first musical instruments made of? Bones
0%
In French, what cooking term means 'to slice into thin strips'? Chiffonade
0%
What's the traditional meat on a Reuben sandwich? Corned Beef
0%
Who wrote the autobiography 'The Moons a Balloon'? David Niven
0%
Which of Santa's reindeer have names that mean 'thunder' and 'lightning' in German? Donner and Blitzen
0%
What airport has the code MME? Durham Trees Valley
0%
Who wrote the book 'Night', which is about their experience in a Nazi war camp? Elie Wiesel
0%
What crayon did Crayola rename to 'peach' in 1962? Flesh
0%
In what comic strip would you find siblings Skeezix, Corky and Judy? Gasoline Alley
0%
What city is the birthplace of boxer Manny Pacquiao? General Santos
0%
In pool, what color is the 6-ball? Green
0%
Who was the losing coach in the first Super Bowl, played January 15, 1967? Hank Stram
0%
What did the letters in the name of the cable network HBO originally stand for? Home Box Offices
0%
What nickname was racing driver James Hunts given? Hunt the Shunt
0%
What onetime NBA Finals MVP was the last owner of the CBA before its 2001 bankruptcy? Isiah Thomas
0%
La Befana delivers Christmas presents to well-behaved kids in which country? Italy
0%
This is one of the oldest cities in the world and holy to the three major Abrahamic religions, which city is this? Jerusalem
0%
Who led over 900 followers in a mass suicide in 1978? Jim Jones
0%
Cindy Kimberly became a star after which popstar shared her Instagram photo? Justin Bieber
0%
Genuphobia is the fear of what? Knees
0%
Model Ivana Smit was found dead in mysterious circumstances in which Asian city in 2017? Kuala Lumpur
0%
What were barcodes first used for? Labeling railroad cars
0%
What is the name of Twitter's blue bird mascot? Larry the Bird
0%
Pediculophobia is the fear of what? Lice
0%
What does the beer widget do? Manages the beer's head
0%
What do you get when you mix tequila, triple sec and lime juice? Margarita
0%
What Christian denomination was begun by John Wesley in 1738? Methodist
0%
In the 2016 film "The Founder" who plays Ray Kroc, who helped franchise McDonald’s? Michael Keaton
0%
What does 'shogun' literally translate to in English? Military commander
0%
Mohammed VI currently rules which country? Morocco
0%
With what color flame do rubidium compounds burn? Pale Violet
0%
On what non-Nintendo console can you find 'The Legend of Zelda' games? Philips CD-i
0%
Which movie has the biggest budget of any movie ever made? Pirates of the Carribean: On Stranger Tides
0%
Fire engines, stop signs, and danger are associated with which color? Red
0%
What is the technical difference between rowing and sculling? Rowing means using a single ore
0%
What name is given to the large Russian utensil for heating and boiling water? Samovar
0%
What element is a robust conductor of electricity? Silver
0%
Whose image is on the Canadian $10 bill? Sir John A. Macdonald
0%
Canfield, Klondike, and Pyramid are variations of what card game? Solitaire
0%
What is a Hurdy-Gurdy? Stringed Instrument
0%
What is added to cognac and absinthe to make a Sazerac cocktail? Sugar cube and Peychaud's bitters
0%
Leukophobia is the fear of what? The color white
0%
Crusiverbalism refers to what activity? The creation or solving of crosswords
0%
Which Arthur Miller play is about the Salem witch trials? The Crucible
0%
What sports team used the Swinging Friar as its team emblem until 1984? The San Diego Padres
0%
Which brand name gets its name from the Finnish for 'Wild Grass'? Timotei
0%
What sporting event first took place in 1903? Tour de France
0%
What was the first movie released on DVD? Twister
0%
Harriet Tubman was a prominent figure on which railroad? Underground
0%
For what college did Dan Marino play football? University of Pittsburgh
0%
Who is the fastest sprinter in history? Usain Bolt
0%
Hail to the Chief' is which person's anthem? US President
0%
What was the first artificial flavouring? Vanilla Essence
0%
Which sort of integration is a business term for acquiring a supplier? Vertical
0%
What does the Latin word 'Verbatim' translate into? Word for word
0%
What was the first product to have a barcode? Wrigley's Gum
0%
No matching quizzes found
Score Distribution
Percent of People with Each Score
Percentile by Number Answered
Your Score History
You have not taken this quiz